LDR 01049naa#a2200229#i#450# 001 RU\\bibl\126178 005 20260630033448.2 011 ## _a2077-7566 100 ## _a20260629b2026####ek#y0rusy0150####ca 101 0# _aRUS 102 ## _aRU 200 1# _aАСПЕКТЫ ПЛАНИРОВАНИЯ ОРТОПЕДИЧЕСКОГО ЛЕЧЕНИЯ У ПАЦИЕНТОВ С МУКОПАРОДОНТАЛЬНЫМИ ПОРАЖЕНИЯМИ _eЖурнальная статья 210 1# _aЕкатеринбург _cИздательский Дом «ТИРАЖ» _d2026 215 ## _a6 с. 608 ## _aЖурнальная статья _2local 675 ## _aСтоматология. Заболевания ротовой полости и зубов. 616.31 _zRUS 700 #1 _aБуторова _gАнна Вадимовна 700 #1 _aИванов _gИван Васильевич 700 #1 _aТимченко _gАндрей Сергеевич 700 #1 _aКузнецова _gВера Ивановна 700 #1 _aАззам _gАли Найеф 856 4# _adental-press.ru _u